| 000 | 00637pam a2200217 a 4500 | ||
|---|---|---|---|
| 999 |
_c1685 _d1685 |
||
| 001 | 25026088 | ||
| 003 | OCoLC | ||
| 005 | 20180919173028.0 | ||
| 008 | 911211s1992 miua 000 0 eng | ||
| 010 | _a91046476 | ||
| 020 | _a0310545404 | ||
| 040 |
_aDLC _cDLC |
||
| 082 |
_a242.5 _bS787t |
||
| 092 |
_a242.5 _bS787T |
||
| 100 | 1 | _aStanley, Charles F | |
| 245 | 1 | 2 |
_aA touch of his wisdom : _bmeditations on the book of Proverbs, with original photographs / _cby Charles Stanley |
| 260 |
_aGrand Rapids, Mich. : _bZondervan, _cc1992 |
||
| 300 |
_a135 p. : _bill. ; _c21 cm |
||
| 630 | 0 | 0 |
_aBible. _pProverbs _xMeditations |
| 942 |
_2ddc _cBK |
||